Štúdium prípravy komplexných zlúčenín 4-pyranónov s vybranými kovovými prvkami bakalárska práca

Gespeichert in:
Bibliographische Detailangaben
1. Verfasser: Neuwirthová, Laura
Format: Buch
Sprache:Slowakisch
Veröffentlicht: Bratislava STU FCHPT 2015
Online-Zugang:Im OPAC anzeigen
Tags: Tag hinzufügen
Keine Tags, Fügen Sie das erste Tag hinzu!

MARC

LEADER 00000nam a2200000 a 4500
005 20260127133946.0
008 151116 2015 000 0 slo d
035 |a vtls011288158 
039 9 |y 201511161129  |z mschk03 
040 |a STUSCHK1  |b slo  |c STUSCHK1  |e AACR2 
100 1 |a Neuwirthová, Laura 
245 1 |a Štúdium prípravy komplexných zlúčenín 4-pyranónov s vybranými kovovými prvkami  |b bakalárska práca  |c Laura Neuwirthová 
260 |a Bratislava  |b STU FCHPT  |c 2015 
300 |a 45 s.  |b il.  |c 25 cm 
500 |a Študijný program: chémia, medicínska chémia a chemické materiály 
500 |a Študijný odbor: chémia, chemické technológie 
500 |a Školiace pracovisko: chémia, chemické technológie 
500 |a Evid. číslo: FCHPT-13569-60990 
910 |a SCHK95 
999 |c 888  |d 888